[Event "Open Est 2013-2014"]
[Site "Aubagne"]
[Date "2013.10.05"]
[Round "1.28"]
[White "Ulloa, Philippe"]
[Black "Turpin, Isabelle"]
[Result "1-0"]
[WhiteElo "1448"]
[BlackElo "1170"]
[PlyCount "101"]

1. d4 Nf6 2. c4 d5 3. e3 c6 4. h3 Be6 5. b3 Na6 6. a3 Rb8 7. Nf3 Nc7 8. Bd3 Qd6
9. c5 Qd8 10. O-O b6 11. b4 bxc5 12. bxc5 h6 13. Ne5 Bd7 14. Qa4 Rb7 15. Bd2
Ne4 16. Ba5 e6 17. Ba6 Rb2 18. Nc3 Bxc5 19. dxc5 Nxc5 20. Nxc6 Nxa4 21. Nxd8
Kxd8 22. Nxa4 Rb7 23. Nc5 Rb5 24. Bxc7+ Ke7 25. a4 Rb2 26. Rfb1 Rd2 27. Rb7 d4
28. exd4 Rxd4 29. Be5 Rd5 30. Bxg7 Rd8 31. Bxh6 Kf6 32. h4 Bc6 33. Bg5+ Kg6 34.
Bxd8 Rxd8 35. Rxa7 Rg8 36. Ra3 Kh5 37. g3 Rg4 38. Rxf7 Rd4 39. Ra1 Bd5 40. Rg7
e5 41. Rg5+ Kh6 42. Rxe5 Bf3 43. Ne6 Rd6 44. Nc5 Bd5 45. Rd1 Kg6 46. Rdxd5 Kf6
47. Ne4+ Kf7 48. Rxd6 Kg7 49. Ng5 Kf8 50. Rd7 Kg8 51. Re8# 1-0

[Event "Open Est 2013-2014"]
[Site "Aubagne"]
[Date "2013.10.05"]
[Round "1.29"]
[White "Lognos, Lina"]
[Black "Besucco, Guy"]
[Result "1/2-1/2"]
[WhiteElo "1167"]
[BlackElo "1440"]
[PlyCount "66"]

1. c4 c5 2. Nc3 d6 3. Nf3 Nf6 4. d3 g6 5. g3 Bg7 6. Bg2 O-O 7. O-O a6 8. Rb1
Nc6 9. a3 Bd7 10. Bd2 Rb8 11. b4 cxb4 12. axb4 Na7 13. b5 axb5 14. Nxb5 Bxb5
15. cxb5 b6 16. Nd4 Ne8 17. Nc6 Nxc6 18. bxc6 Qc7 19. Rb3 Nf6 20. Qb1 Qa7 21.
Be3 d5 22. Bxb6 Qa4 23. Rc1 Rfc8 24. Rc5 Rxc6 25. Rxc6 Qxc6 26. Ba7 Rxb3 27.
Qxb3 e6 28. Qb6 Qxb6 29. Bxb6 Nd7 30. Ba7 f5 31. f4 Kf7 32. h3 h6 33. Bf3 h5
1/2-1/2

[Event "Open Est 2013-2014"]
[Site "Aubagne"]
[Date "2013.10.05"]
[Round "1.30"]
[White "Reynaud, Jacques"]
[Black "Gauci Schacre, Jeremy"]
[Result "0-1"]
[WhiteElo "1440"]
[BlackElo "1140"]
[PlyCount "88"]

1. d4 d5 2. Nf3 Bf5 3. c4 Nc6 4. e3 Nf6 5. Nc3 e6 6. c5 a6 7. a3 Ne4 8. Qb3 Rb8
9. Be2 Be7 10. Qa4 O-O 11. b4 Nxc3 12. Qb3 Nxe2 13. Kxe2 a5 14. b5 Na7 15. a4
Nc8 16. Ne5 Bf6 17. Ba3 Be7 18. c6 Bxa3 19. Qxa3 Nb6 20. Rhc1 Nc4 21. Nxc4 dxc4
22. Rxc4 b6 23. Rd1 Qh4 24. h3 e5 25. Qc3 Rbd8 26. d5 Qf6 27. e4 Bg6 28. Rd3
Qf4 29. Rf3 Qh2 30. g4 Rfe8 31. Qe1 f5 32. exf5 e4 33. Re3 Bf7 34. Rexe4 Rxe4+
35. Rxe4 Bxd5 36. Re7 h6 37. Qc3 Bf7 38. f6 g6 39. Qe3 Qd6 40. Kf1 Qxf6 41. Qe5
Qxe5 42. Rxe5 Bb3 43. Re7 Bxa4 44. Rxc7 Bxb5+ 0-1

[Event "Open Est 2013-2014"]
[Site "Aubagne"]
[Date "2013.10.05"]
[Round "1.31"]
[White "Huette, Iva"]
[Black "Roche, Alain"]
[Result "0-1"]
[WhiteElo "1099"]
[BlackElo "1437"]
[PlyCount "72"]

1. e4 e6 2. Bc4 d5 3. exd5 exd5 4. Bf1 Nf6 5. d3 Be7 6. Bg5 O-O 7. Bxf6 Bxf6 8.
d4 Nc6 9. Nf3 Re8+ 10. Be2 Bg4 11. O-O Qd6 12. Bb5 Re4 13. Re1 Rxe1+ 14. Qxe1
Bxf3 15. gxf3 h6 16. Bxc6 bxc6 17. Nc3 Bxd4 18. Ne2 Be5 19. f4 Bxf4 20. Nxf4
Qxf4 21. Qe3 Qg4+ 22. Qg3 Qd7 23. f4 Rb8 24. Re1 Rxb2 25. Re2 Rxa2 26. Qe1 Ra4
27. Re8+ Kh7 28. Re7 Qg4+ 29. Qg3 Qd1+ 30. Re1 Qd4+ 31. Qe3 Qf6 32. Qb3 Rxf4
33. Qe3 Re4 34. Qf2 Qg5+ 35. Qg2 Rxe1+ 36. Kf2 Qe3# 0-1

[Event "Open Est 2013-2014"]
[Site "Aubagne"]
[Date "2013.10.05"]
[Round "1.32"]
[White "Benvenuto, Richard"]
[Black "Perez, Laurent"]
[Result "1-0"]
[WhiteElo "1420"]
[BlackElo "1099"]
[PlyCount "89"]

1. d4 d5 2. e3 Nc6 3. Nf3 Nf6 4. c4 Bf5 5. a3 e6 6. Nc3 Bd6 7. c5 Be7 8. Bb5 a6
9. Bxc6+ bxc6 10. Ne5 O-O 11. Nxc6 Qe8 12. Nb4 Bg4 13. Ne2 a5 14. Nd3 Ne4 15.
f3 Bh4+ 16. Kf1 f5 17. Ne5 Qb5 18. a4 Qa6 19. Qd3 Qc8 20. g3 Bxg3 21. Nxg3 Bxf3
22. Rg1 Qd8 23. Bd2 Qh4 24. Nxf3 Qh3+ 25. Ke2 Rab8 26. Rab1 Rf6 27. b4 Rg6 28.
b5 Nxg3+ 29. Rxg3 Rxg3 30. hxg3 Qg2+ 31. Kd1 Qxf3+ 32. Kc2 Qxg3 33. Bxa5 Rc8
34. b6 Qf2+ 35. Qd2 Qf3 36. b7 Rb8 37. Bxc7 Qe4+ 38. Qd3 Qg2+ 39. Kc3 Rxb7 40.
Rxb7 Kf7 41. Be5+ Kg6 42. Rxg7+ Kh5 43. Qd1+ Kh4 44. Rxh7+ Kg5 45. Qh5# 1-0

[Event "Open Est 2013-2014"]
[Site "Aubagne"]
[Date "2013.10.05"]
[Round "1.33"]
[White "Ralijaona, Gabriela"]
[Black "Frontera, Pierre"]
[Result "0-1"]
[WhiteElo "1070"]
[BlackElo "1410"]
[PlyCount "74"]

1. e4 c5 2. Nf3 d6 3. Bb5+ Bd7 4. Nc3 Bxb5 5. Nxb5 a6 6. Nc3 Nc6 7. d3 e6 8.
Bg5 Be7 9. Qd2 h6 10. Bf4 Bf6 11. O-O Nge7 12. Qe2 e5 13. Nd5 Nxd5 14. exd5 Nd4
15. Nxd4 cxd4 16. Qg4 exf4 17. Qxf4 O-O 18. Rfe1 Be5 19. Qf5 Qf6 20. Qh5 Rae8
21. Re4 Qg6 22. Rh4 Qxh5 23. Rxh5 f5 24. h3 Kh7 25. Re1 g6 26. Rxe5 Rxe5 27. f4
Rxd5 28. c4 dxc3 29. bxc3 Rxd3 30. Rh4 Rxc3 31. g4 Rc4 32. g5 h5 33. a3 Rfc8
34. Kh2 Rc2+ 35. Kg1 R8c3 36. a4 Ra3 37. Kf1 Ra1# 0-1

[Event "Open Est 2013-2014"]
[Site "Aubagne"]
[Date "2013.10.05"]
[Round "1.34"]
[White "Moerenhout, Jean Claude"]
[Black "Periale, Francine"]
[Result "1-0"]
[WhiteElo "1410"]
[BlackElo "1060"]
[PlyCount "53"]

1. e4 c5 2. Nf3 Nc6 3. d4 d6 4. d5 Ne5 5. Nbd2 Nf6 6. b3 a5 7. Bb2 Nfd7 8. Be2
g6 9. a4 Bg7 10. O-O O-O 11. Ng5 Bf6 12. f4 h6 13. fxe5 dxe5 14. Ngf3 Qc7 15.
Qe1 e6 16. Qg3 exd5 17. exd5 Qd6 18. Ne4 Qxd5 19. Nxf6+ Nxf6 20. Bxe5 Ne4 21.
Qh4 Kh7 22. Rad1 Qc6 23. Bb5 Qb6 24. Qxe4 Bf5 25. Qh4 c4+ 26. Kh1 cxb3 27. Ng5+
1-0

[Event "Open Est 2013-2014"]
[Site "Aubagne"]
[Date "2013.10.05"]
[Round "1.35"]
[White "Graccione, Angele"]
[Black "Cotton, Paul"]
[Result "0-1"]
[WhiteElo "1020"]
[BlackElo "1400"]
[PlyCount "65"]

1. e4 c5 2. Nc3 Nc6 3. Nf3 d6 4. d4 cxd4 5. Nxd4 g6 6. Be3 Bg7 7. f3 Nf6 8. Qd2
O-O 9. Be2 Bd7 10. O-O-O Re8 11. Kb1 a6 12. h4 b5 13. a3 Qb8 14. g4 b4 15. Na4
Nxd4 16. Bxd4 Bxa4 17. Rc1 bxa3 18. Ka2 axb2 19. Rb1 Qc7 20. Bd3 Rab8 21. h5
Bb5 22. hxg6 fxg6 23. Be3 Bxd3 24. Bh6 Bc4+ 25. Ka3 Qc5+ 26. Ka4 Qb5+ 27. Ka3
Qc5+ 28. Ka4 Bb5+ 29. Ka5 Bc4+ 30. Ka4 a5 31. Bxg7 Rb4+ 32. Ka3 Rb3+ 33. Ka2
0-1

[Event "Open Est 2013-2014"]
[Site "Aubagne"]
[Date "2013.10.05"]
[Round "1.36"]
[White "Evanno, Georges"]
[Black "Gianfranceschi, Gerard"]
[Result "1-0"]
[WhiteElo "1400"]
[BlackElo "1010"]
[PlyCount "67"]

1. e4 e5 2. Bc4 Nf6 3. Nc3 Bc5 4. h3 O-O 5. Nf3 Nc6 6. a3 a6 7. d3 b5 8. Ba2 b4
9. Na4 Bd6 10. O-O bxa3 11. bxa3 Rb8 12. Bg5 Bxa3 13. Bb3 Bb4 14. Ra2 Nd4 15.
Nb2 d6 16. Nc4 Nxb3 17. cxb3 Be6 18. Nb2 Bc5 19. Nc4 d5 20. Ncxe5 Qd6 21. Bxf6
gxf6 22. d4 Bb4 23. exd5 Bxd5 24. Ng4 Bc3 25. Nh6+ Kg7 26. Nf5+ Kg8 27. Nxd6
Bxb3 28. Qd3 Bxa2 29. Qxc3 cxd6 30. d5 Kg7 31. Nd4 Rbc8 32. Qg3+ Kh6 33. Nf5+
Kh5 34. Qg4# 1-0

[Event "Open Est 2013-2014"]
[Site "Aubagne"]
[Date "2013.10.05"]
[Round "1.37"]
[White "Yahia Amar, Pierre"]
[Black "Lang, Michel"]
[Result "0-1"]
[WhiteElo "1010"]
[BlackElo "1390"]
[PlyCount "90"]

1. d4 d5 2. Nc3 Nf6 3. e3 Nc6 4. Bb5 Bd7 5. Nf3 e6 6. Ne5 Nxe5 7. dxe5 Bxb5 8.
Nxb5 Ne4 9. f3 Nc5 10. e4 a6 11. Bg5 Qxg5 12. Nxc7+ Ke7 13. Nxa8 Qxe5 14. b4
Qc3+ 15. Qd2 Qxa1+ 16. Qd1 Qxd1+ 17. Kxd1 Nd7 18. h4 Kd6 19. Rh3 Be7 20. Rg3 g6
21. Rg4 Rxa8 22. Rf4 Rf8 23. g4 Bxh4 24. exd5 Kxd5 25. Kd2 Bg5 26. c4+ Ke5 27.
Ke3 Bxf4+ 28. Kd3 Rd8 29. c5 Nxc5+ 30. Kc4 Na4 31. b5 Rd4+ 32. Kb3 axb5 33. Kc2
Rd2+ 34. Kc1 Rxa2+ 35. Kb1 Rf2 36. Ka1 Rxf3 37. Ka2 Rg3 38. Kb1 Rxg4 39. Ka2
Kd4 40. Ka3 Kc4 41. Ka2 Be5 42. Ka3 Rg3+ 43. Ka2 Bd6 44. Ka1 Kb3 45. Kb1 Rg1#
0-1

[Event "Open Est 2013-2014"]
[Site "Aubagne"]
[Date "2013.10.05"]
[Round "1.38"]
[White "Brongers, Claudine"]
[Black "Strate, François"]
[Result "0-1"]
[WhiteElo "1260"]
[BlackElo "1374"]
[PlyCount "38"]

1. e4 e6 2. d4 d5 3. Nd2 Nf6 4. e5 Nfd7 5. Nb3 c5 6. Be3 Nc6 7. f4 Qb6 8. Qc1
cxd4 9. Bd2 f6 10. exf6 Nxf6 11. Bd3 Nb4 12. Be2 Ne4 13. Nf3 d3 14. Be3 Nxc2+
15. Kf1 Nxe3+ 16. Ke1 Bb4+ 17. Nbd2 Bxd2+ 18. Nxd2 Nc2+ 19. Kd1 Nf2# 0-1

[Event "Open Est 2013-2014"]
[Site "Aubagne"]
[Date "2013.11.09"]
[Round "2.1"]
[White "Crapon, Laurent"]
[Black "Gallo, Nicolas"]
[Result "1-0"]
[WhiteElo "1794"]
[BlackElo "1500"]
[PlyCount "75"]
[EventDate "2013.??.??"]

1. d4 c6 2. Nf3 d6 3. Bf4 Qc7 4. e3 Bg4 5. Be2 Nd7 6. c4 Ngf6 7. h3 Bh5 8. Qa4
e5 9. dxe5 dxe5 10. Bh2 Bd6 11. O-O O-O 12. Rd1 Rfd8 13. Nc3 Nc5 14. Qc2 Bg6
15. Qd2 Qe7 16. Qe1 Bc7 17. b4 Nd3 18. Bxd3 Bxd3 19. c5 e4 20. Bxc7 Qxc7 21.
Nd4 Qe5 22. Nce2 Nd5 23. Nc1 Nf4 24. Nxd3 Nxd3 25. Qd2 f5 26. f3 Qg3 27. Nxf5
Qg5 28. fxe4 Nxc5 29. Qc3 Ne6 30. Qe5 Kf7 31. Rf1 Rd2 32. Nd6+ Ke7 33. Rf7+ Kd8
34. Nxb7+ Kc8 35. Qxe6+ Kb8 36. Qe8+ Rd8 37. Nxd8 Qxe3+ 38. Kh1 1-0

[Event "Open Est 2013-2014"]
[Site "Aubagne"]
[Date "2013.11.09"]
[Round "2.2"]
[White "Yahia-Amar, Hocine"]
[Black "Cescon, Moreno"]
[Result "0-1"]
[WhiteElo "1499"]
[BlackElo "1756"]
[PlyCount "44"]
[EventDate "2013.??.??"]

1. d4 g6 2. Nf3 Bg7 3. e3 Nf6 4. Bd2 O-O 5. Nc3 d6 6. Qe2 Bg4 7. h3 Be6 8. e4
c5 9. d5 Bd7 10. Nb5 a6 11. Ba5 Qxa5+ 12. c3 Bxb5 13. O-O-O Bxe2 14. Bxe2 Nxe4
15. Rd3 Bxc3 16. Rxc3 Nxc3 17. bxc3 Qxc3+ 18. Kb1 a5 19. Rc1 Qb4+ 20. Ka1 a4
21. Rb1 Qd4+ 22. Rb2 a3 0-1

[Event "Open Est 2013-2014"]
[Site "Aubagne"]
[Date "2013.11.09"]
[Round "2.3"]
[White "Gambino, Max"]
[Black "Rocchia, Alex"]
[Result "1-0"]
[WhiteElo "1730"]
[BlackElo "1499"]
[PlyCount "77"]
[EventDate "2013.??.??"]

1. e4 c5 2. d4 d6 3. dxc5 Nc6 4. cxd6 exd6 5. Nf3 Nf6 6. Bg5 Be6 7. Nc3 Qb6 8.
Bxf6 gxf6 9. Nd5 Qa5+ 10. Qd2 Qxd2+ 11. Nxd2 Bxd5 12. exd5 Ne5 13. Bb5+ Nd7 14.
Bxd7+ Kxd7 15. O-O Bh6 16. Ne4 Bg7 17. c3 Rhe8 18. Rfe1 Re5 19. Rad1 Rae8 20.
Nxf6+ Bxf6 21. Rxe5 Rxe5 22. Kf1 b5 23. Rd3 Bg5 24. b3 Bc1 25. c4 Ba3 26. Rh3
Bb4 27. f4 Re1+ 28. Kf2 Ra1 29. Rxh7 Ke7 30. cxb5 Rxa2+ 31. Kf3 Ra3 32. g4
Rxb3+ 33. Ke4 Bc3 34. h4 Rxb5 35. h5 a5 36. g5 a4 37. f5 a3 38. f6+ Kf8 39.
Rh8# 1-0

[Event "Open Est 2013-2014"]
[Site "Aubagne"]
[Date "2013.11.09"]
[Round "2.4"]
[White "Roche, Alain"]
[Black "Benezra, Amos"]
[Result "0-1"]
[WhiteElo "1437"]
[BlackElo "1709"]
[PlyCount "74"]
[EventDate "2013.??.??"]

1. e4 c5 2. Nf3 Nc6 3. d4 cxd4 4. Nxd4 g6 5. c3 Bg7 6. Bc4 Nf6 7. f3 O-O 8. O-O
d6 9. Be3 e6 10. a3 Qc7 11. Ba2 Bd7 12. Re1 Ne5 13. Nd2 Rac8 14. Bb1 b5 15. h3
d5 16. f4 Nc4 17. Nxc4 bxc4 18. e5 Ne8 19. Rf1 Qb7 20. Qd2 Nc7 21. f5 Bxe5 22.
Bh6 Bg7 23. Bxg7 Kxg7 24. Qg5 f6 25. Qg3 g5 26. h4 h6 27. hxg5 hxg5 28. Nf3
Qb6+ 29. Rf2 Qc6 30. Qg4 Rh8 31. Bc2 Rh6 32. Rd1 Rch8 33. Kf1 Qb6 34. Nxg5 fxg5
35. Qxg5+ Kf7 36. Re1 Rf6 37. Qe3 Rh4 0-1

[Event "Open Est 2013-2014"]
[Site "Aubagne"]
[Date "2013.11.09"]
[Round "2.5"]
[White "Vialette, Eric"]
[Black "Benezra, Esther"]
[Result "0-1"]
[WhiteElo "1684"]
[BlackElo "1463"]
[PlyCount "110"]
[EventDate "2013.??.??"]

1. e4 c5 2. Nf3 e6 3. Nc3 a6 4. d4 cxd4 5. Nxd4 b5 6. Bd3 Bb7 7. O-O Qc7 8. Be3
Nf6 9. f3 Bc5 10. Bf2 O-O 11. Nce2 Nc6 12. c3 d5 13. b4 Bd6 14. exd5 Nxd4 15.
Bxd4 Bxh2+ 16. Kh1 Nxd5 17. f4 Nxf4 18. Nxf4 Bxf4 19. Qg4 Bh6 20. Rae1 g6 21.
Qh4 Bg7 22. Bxg7 Kxg7 23. Qf6+ Kg8 24. Re3 Qd8 25. Qe5 Qd5 26. Qh2 Qxa2 27. Rh3
h5 28. Qg3 Qd5 29. Rf4 Rad8 30. Kh2 Qa2 31. Bxg6 Qxg2+ 32. Qxg2 Bxg2 33. Rg3
fxg6 34. Rxg6+ Kh7 35. Rxf8 Rxf8 36. Rxg2 Rf3 37. Re2 Rxc3 38. Rxe6 Rb3 39.
Rxa6 Rxb4 40. Rb6 Rb3 41. Kg2 b4 42. Kh2 h4 43. Kg2 h3+ 44. Kh2 Kg7 45. Rb7+
Kf6 46. Rb8 Ke7 47. Rb5 Kd6 48. Rb8 Kc5 49. Rc8+ Kd4 50. Rd8+ Kc3 51. Kxh3 Kc2+
52. Kg4 Rc3 53. Rf8 b3 54. Rf2+ Kb1 55. Rf6 b2 0-1

[Event "Open Est 2013-2014"]
[Site "Aubagne"]
[Date "2013.11.09"]
[Round "2.6"]
[White "Cotton, Paul"]
[Black "Salvi, Michel"]
[Result "0-1"]
[WhiteElo "1400"]
[BlackElo "1674"]
[PlyCount "108"]
[EventDate "2013.??.??"]

1. Nf3 c5 2. c4 Nf6 3. g3 Nc6 4. Bg2 g6 5. b3 Bg7 6. Bb2 O-O 7. O-O d6 8. Nc3
a6 9. Rb1 Bd7 10. Re1 b5 11. a3 Rb8 12. d3 bxc4 13. bxc4 e6 14. Qc2 Qa5 15. Ng5
Nd4 16. Qc1 Bh6 17. h4 Ng4 18. e3 Nb3 19. Qd1 f5 20. Bh3 Qd8 21. e4 Bxg5 22.
Bxg4 Bd2 23. Re2 fxg4 24. Rxd2 Nxd2 25. Qxd2 Bc6 26. Ne2 e5 27. Kg2 Qf6 28. Nc3
Rb3 29. Nd1 Qf3+ 30. Kg1 Rxd3 31. Qe1 Bxe4 32. Kf1 Qxg3 33. Qxe4 Rxd1+ 34. Ke2
Rxf2+ 35. Kxd1 Qg1+ 36. Qe1 Rf1 37. Kd2 Rxe1 38. Rxe1 Qf2+ 39. Re2 Qf4+ 40. Re3
g3 41. Ke2 g2 42. Rf3 Qxf3+ 43. Kxf3 g1=Q 44. Bc3 Qd1+ 45. Ke4 Qc2+ 46. Kd5
Qxc3 47. Kxd6 Kf7 48. Kxc5 Ke6 49. a4 Qa3+ 50. Kb6 Kd6 51. Kxa6 Kc6 52. Ka5
Qc3+ 53. Ka6 Qb4 54. Ka7 Qb7# 0-1

[Event "Open Est 2013-2014"]
[Site "Aubagne"]
[Date "2013.11.09"]
[Round "2.7"]
[White "Derige Kane, Yan"]
[Black "Ulloa, Philippe"]
[Result "1-0"]
[WhiteElo "1653"]
[BlackElo "1448"]
[PlyCount "71"]
[EventDate "2013.??.??"]

1. d4 d5 2. c4 c6 3. Nc3 e6 4. Nf3 h6 5. Bf4 Nd7 6. e3 Ngf6 7. Bd3 Bb4 8. O-O
O-O 9. a3 Be7 10. c5 b6 11. b4 Bb7 12. Ne5 Re8 13. Qc2 Nf8 14. h3 Qc8 15. Na4
b5 16. Nc3 Bd8 17. e4 a6 18. Bh2 Ra7 19. exd5 cxd5 20. Rfc1 Bc7 21. Nf3 Qb8 22.
Bxc7 Qxc7 23. Bxb5 axb5 24. Nxb5 Qb8 25. Nxa7 Qxa7 26. a4 Ne4 27. b5 Qa5 28. c6
Bc8 29. Qb2 Nd6 30. Nd2 Ng6 31. b6 Ba6 32. Rc5 Qxd2 33. Qxd2 Ne4 34. Qc2 Rc8
35. b7 Rb8 36. c7 1-0

[Event "Open Est 2013-2014"]
[Site "Aubagne"]
[Date "2013.11.09"]
[Round "2.8"]
[White "Frontera, Pierre"]
[Black "Fournier, Alain"]
[Result "0-1"]
[WhiteElo "1410"]
[BlackElo "1650"]
[PlyCount "79"]
[EventDate "2013.??.??"]

1. e4 c6 2. d4 Na6 3. Nf3 d6 4. h3 g6 5. Be2 Bg7 6. c3 Nc7 7. O-O Nf6 8. Nbd2
Ne6 9. e5 dxe5 10. dxe5 Nd7 11. Ne4 Qc7 12. Be3 Nxe5 13. b4 Nxf3+ 14. Bxf3 f5
15. Ng5 Nxg5 16. Bxg5 Bxc3 17. Rb1 e6 18. Rb3 Bg7 19. Rd3 O-O 20. Rd8 Rxd8 21.
Bxd8 Qd7 22. Qxd7 Bxd7 23. Be7 e5 24. Rd1 Be6 25. a4 e4 26. Be2 Kf7 27. Bh4 h6
28. f4 Bc3 29. b5 c5 30. Rc1 Bd2 31. Rxc5 Be3+ 32. Bf2 Bxc5 33. Bxc5 Rc8 34.
Bxa7 Rc1+ 35. Kh2 Ra1 36. Kg3 Rxa4 37. b6 Ra3+ 38. Kh4 Kf6 39. g4 g5+ 40. Kh5
0-1

[Event "Open Est 2013-2014"]
[Site "Aubagne"]
[Date "2013.11.09"]
[Round "2.9"]
[White "Ollier, Laurent"]
[Black "Benvenuto, Richard"]
[Result "1-0"]
[WhiteElo "1650"]
[BlackElo "1420"]
[PlyCount "81"]
[EventDate "2013.??.??"]

1. c4 Nf6 2. Nc3 g6 3. g3 Bg7 4. Bg2 O-O 5. d3 d6 6. Nf3 Nbd7 7. O-O c5 8. Rb1
Rb8 9. Nb5 Ra8 10. b4 a6 11. Nc3 cxb4 12. Rxb4 Rb8 13. Bb2 Ng4 14. Nd5 Nde5 15.
Nxe5 Nxe5 16. f4 Ng4 17. Bxg7 Kxg7 18. Qa1+ f6 19. h3 Nh6 20. g4 e6 21. Nb6 Qc7
22. Qb2 Kg8 23. Nxc8 Qxc8 24. Bxb7 Qc7 25. Kg2 a5 26. Rb5 f5 27. g5 Nf7 28. Rb1
Nd8 29. Bf3 Rxb5 30. Qxb5 Qa7 31. Qb6 Qxb6 32. Rxb6 Nf7 33. e3 e5 34. Bd5 exf4
35. exf4 Re8 36. Rb7 Rf8 37. d4 a4 38. c5 dxc5 39. dxc5 a3 40. c6 Rc8 41. Rxf7
1-0

[Event "Open Est 2013-2014"]
[Site "Aubagne"]
[Date "2013.11.09"]
[Round "2.10"]
[White "Alquier, Matthieu"]
[Black "Moerenhout, Jean Claude"]
[Result "1-0"]
[WhiteElo "1599"]
[BlackElo "1410"]
[PlyCount "43"]
[EventDate "2013.??.??"]

1. d4 Nf6 2. Nf3 d5 3. Bf4 e6 4. e3 Bd6 5. Ne5 O-O 6. Bd3 Ne4 7. c3 Qh4 8. O-O
Nd7 9. Nd2 c5 10. Nxe4 dxe4 11. Bxe4 cxd4 12. Nf3 Qe7 13. cxd4 Bxf4 14. exf4
Nf6 15. Bc2 b6 16. g4 Nxg4 17. Bxh7+ Kxh7 18. Ng5+ Kg6 19. Qxg4 Rh8 20. Rfe1 e5
21. Ne6+ Kf6 22. dxe5# 1-0

[Event "Open Est 2013-2014"]
[Site "Aubagne"]
[Date "2013.11.09"]
[Round "2.11"]
[White "Lang, Michel"]
[Black "Marroni, Bruno"]
[Result "1-0"]
[WhiteElo "1390"]
[BlackElo "1580"]
[PlyCount "98"]
[EventDate "2013.??.??"]

1. d4 d5 2. Nf3 c6 3. Bf4 Nf6 4. h3 Ne4 5. c3 Nd7 6. e3 g6 7. Qc2 Bg7 8. g4 f6
9. Bd3 f5 10. gxf5 gxf5 11. Ng5 Nf8 12. Nxe4 fxe4 13. Be2 Bf5 14. Nd2 Nd7 15.
c4 e5 16. dxe5 Bxe5 17. Bxe5 Nxe5 18. Qc3 Qd6 19. f4 O-O-O 20. O-O-O Ng6 21.
Bg4 Nh4 22. Bxf5+ Nxf5 23. cxd5 Ng3 24. Rhe1 Kb8 25. dxc6 Rc8 26. Kb1 Rxc6 27.
Qxh8+ Rc8 28. Qxh7 Qd3+ 29. Ka1 Ne2 30. Nxe4 Qc2 31. a3 a6 32. Qh5 Ka7 33. Qxe2
Qxe4 34. Qd3 Qg2 35. Qd4+ Ka8 36. Rc1 Rb8 37. e4 Qxh3 38. f5 Qf3 39. Rf1 Qg3
40. e5 Qg5 41. f6 Rf8 42. Qd6 Rb8 43. Rce1 Ka7 44. e6 Qa5 45. e7 Qb6 46. Qxb6+
Kxb6 47. f7 a5 48. e8=Q Rxe8 49. Rxe8 Ka7 1-0

[Event "Open Est 2013-2014"]
[Site "Aubagne"]
[Date "2013.11.09"]
[Round "2.12"]
[White "Strate, Francois"]
[Black "San-Nicolas, Robert"]
[Result "1-0"]
[WhiteElo "1374"]
[BlackElo "1570"]
[PlyCount "59"]
[EventDate "2013.??.??"]

1. d4 d5 2. Nf3 Nf6 3. e3 Bf5 4. c4 c6 5. Nc3 e6 6. Be2 Be7 7. O-O O-O 8. Nh4
Ne4 9. Nxf5 exf5 10. cxd5 cxd5 11. Qb3 Nxc3 12. Qxc3 a6 13. a3 Nd7 14. Bd3 g6
15. Qb3 Nb6 16. Bd2 Qd7 17. Qxb6 Rfc8 18. Rac1 Bd8 19. Qb3 b5 20. Rxc8 Rxc8 21.
Rc1 Bc7 22. Rc5 Qd6 23. g3 h5 24. Qxd5 Qb6 25. Qd7 Qb7 26. Ba5 Rf8 27. Rxc7 Qf3
28. Bf1 h4 29. Bb4 hxg3 30. hxg3 1-0

[Event "Open Est 2013-2014"]
[Site "Aubagne"]
[Date "2013.11.09"]
[Round "2.13"]
[White "Velut, Pierre-Marie"]
[Black "Evanno, Georges"]
[Result "1-0"]
[WhiteElo "1570"]
[BlackElo "1400"]
[PlyCount "79"]
[EventDate "2013.??.??"]

1. d4 d5 2. c4 Nf6 3. Nc3 b6 4. cxd5 Nxd5 5. e4 Nxc3 6. bxc3 e6 7. Nf3 Bb7 8.
Bd3 Be7 9. O-O O-O 10. Qc2 Nd7 11. e5 Bxf3 12. Bxh7+ Kh8 13. Be4 Bxe4 14. Qxe4
f5 15. Qc6 Rf7 16. Qxe6 Qe8 17. Qc4 Nf8 18. f4 Nh7 19. Bb2 g5 20. d5 gxf4 21.
Qxf4 Bg5 22. Qd4 c5 23. dxc6 Rd8 24. Qc4 Be3+ 25. Kh1 f4 26. Qe4 Ng5 27. Qc4
Ne6 28. Ba3 Bc5 29. Bc1 Be3 30. Bxe3 fxe3 31. Rxf7 Qxf7 32. Qh4+ Kg8 33. Qg3+
Kh8 34. Qxe3 Rc8 35. Kg1 Rxc6 36. Rf1 Qh7 37. Qf3 Rc7 38. Qf6+ Ng7 39. e6 Qg8
40. e7 1-0

[Event "Open Est 2013-2014"]
[Site "Aubagne"]
[Date "2013.11.09"]
[Round "2.14"]
[White "Telouk, Olivier"]
[Black "Roux, Jean-Marie"]
[Result "1-0"]
[WhiteElo "1569"]
[BlackElo "1334"]
[PlyCount "49"]
[EventDate "2013.??.??"]

1. e4 e5 2. Nf3 Nc6 3. d4 exd4 4. Nxd4 Nxd4 5. Qxd4 c5 6. Qa4 Be7 7. Nc3 Nf6 8.
e5 Ng8 9. Nd5 Bg5 10. Bxg5 f6 11. exf6 Nxf6 12. Nxf6+ gxf6 13. Bh4 O-O 14.
O-O-O d6 15. Qb3+ Kh8 16. Qg3 d5 17. Bc4 Be6 18. Rhe1 Bg8 19. Qf3 d4 20. Bxg8
Kxg8 21. Re6 Kg7 22. Rde1 Rf7 23. Re7 Qd6 24. R1e6 Qd8 25. Qxf6+ 1-0

[Event "Open Est 2013-2014"]
[Site "Aubagne"]
[Date "2013.11.09"]
[Round "2.16"]
[White "Cocordano, Claire"]
[Black "Catanese, Sauveur"]
[Result "1-0"]
[WhiteElo "1511"]
[BlackElo "1190"]
[PlyCount "75"]
[EventDate "2013.??.??"]

1. e4 e5 2. Nf3 Nc6 3. d4 exd4 4. Nxd4 Nf6 5. Nxc6 bxc6 6. Bd3 d6 7. O-O Ng4 8.
Nc3 Ne5 9. Be3 Nxd3 10. cxd3 Be7 11. Qd2 O-O 12. Rac1 c5 13. Nd5 Re8 14. Nxe7+
Rxe7 15. b3 f6 16. f3 Qe8 17. Rfe1 Rb8 18. Bf2 Qg6 19. Kh1 Qe8 20. d4 Rd7 21.
Qc3 Qf8 22. dxc5 dxc5 23. Bxc5 Qd8 24. Qc2 Rd2 25. Qb1 f5 26. Rcd1 Qg5 27. Rxd2
Qxd2 28. Rd1 Qg5 29. Rd5 Be6 30. Re5 Rb5 31. g3 Bd7 32. Qd1 Qd8 33. Qd5+ Kh8
34. exf5 c6 35. Qd6 Rb8 36. g4 Kg8 37. Re7 Qa5 38. Qxb8+ 1-0

[Event "Open Est 2013-2014"]
[Site "Aubagne"]
[Date "2013.11.09"]
[Round "2.17"]
[White "Gauci Schacre, Jeremy"]
[Black "Gomez, Guy"]
[Result "0-1"]
[WhiteElo "1140"]
[BlackElo "1662"]
[PlyCount "59"]
[EventDate "2013.??.??"]

1. e4 e6 2. Nc3 d6 3. Bc4 c5 4. d3 Nc6 5. Be3 a6 6. a3 b5 7. Ba2 Bb7 8. Nf3 Nf6
9. Ne2 d5 10. e5 Ng4 11. Bf4 Qb6 12. d4 cxd4 13. Nexd4 Bc5 14. c3 a5 15. b4
axb4 16. axb4 Bxd4 17. Nxd4 Ngxe5 18. Nxc6 Nxc6 19. Be3 Qd8 20. O-O O-O 21. Qg4
Qf6 22. Bc5 Rfc8 23. Bd4 Nxd4 24. cxd4 Ra4 25. Rfb1 Rc2 26. Qg3 Raxa2 27. Qb8+
Bc8 28. Rf1 Qxd4 29. Qxb5 Kf8 30. Rfe1 0-1

[Event "Open Est 2013-2014"]
[Site "Aubagne"]
[Date "2013.11.09"]
[Round "2.18"]
[White "Vicari-Vento, Salvatore"]
[Black "Bauden, Thomas"]
[Result "0-1"]
[WhiteElo "1574"]
[BlackElo "1220"]
[PlyCount "101"]
[EventDate "2013.??.??"]

1. e4 c5 2. Nf3 Nc6 3. d4 cxd4 4. Nxd4 d6 5. Nc3 g6 6. Bb5 Bd7 7. O-O Bg7 8.
Be3 Nf6 9. f3 O-O 10. a3 Rc8 11. Rb1 Ne8 12. Nxc6 bxc6 13. Be2 c5 14. Qd2 Rb8
15. Kh1 Nc7 16. Bh6 Bxh6 17. Qxh6 Bb5 18. Nxb5 Nxb5 19. c3 Qb6 20. h3 Rfd8 21.
Qg5 f6 22. Qd5+ Kg7 23. f4 Nc7 24. Qd3 Qc6 25. Bf3 a5 26. Rfd1 Ne6 27. e5 Qc7
28. exf6+ Kxf6 29. g3 Qd7 30. Kh2 Qb5 31. Qxb5 Rxb5 32. Re1 Rdb8 33. Re2 c4 34.
Bg4 Ng7 35. Bd7 R5b6 36. g4 e6 37. Ba4 d5 38. Bd1 h5 39. g5+ Ke7 40. Rd2 Nf5
41. Bf3 Nh4 42. Bh1 a4 43. Re2 Rb3 44. Ree1 Rxb2+ 45. Rxb2 Rxb2+ 46. Kg3 Nf5+
47. Kf3 Rc2 48. Rb1 Rxc3+ 49. Kf2 Rxh3 50. Rd1 Rxa3 51. Bxd5 0-1

[Event "Open Est 2013-2014"]
[Site "Aubagne"]
[Date "2013.11.09"]
[Round "2.19"]
[White "Benezra, Silke"]
[Black "Cavanihac, Claude"]
[Result "0-1"]
[WhiteElo "1350"]
[BlackElo "1569"]
[PlyCount "86"]
[EventDate "2013.??.??"]

1. Nf3 f5 2. d3 Nf6 3. e4 fxe4 4. Ng5 exd3 5. Bxd3 e6 6. Nxh7 d5 7. Bg6+ Kd7 8.
Bg5 Be7 9. Nxf6+ gxf6 10. Bf4 Qg8 11. Qg4 Nc6 12. Nc3 f5 13. Qg3 Bd6 14. Bxd6
cxd6 15. h4 Ne5 16. Nb5 a6 17. f4 Qxg6 18. Qc3 axb5 19. fxe5 Qg4 20. g3 Qe4+
21. Kd2 Qg2+ 22. Kd3 Qxg3+ 23. Kd2 Qxc3+ 24. bxc3 dxe5 25. Ke2 Kd6 26. Rag1 Ra4
27. h5 Bd7 28. h6 Rg4 29. Rf1 e4 30. h7 e5 31. Rb1 Kc5 32. a4 Rg7 33. Rb4 Rhxh7
34. Rf1 bxa4 35. Rxb7 Bb5+ 36. Rxb5+ Kxb5 37. Rxf5 Re7 38. Rf8 Kc4 39. Rc8+ Rc7
40. Ra8 Kxc3 41. Rxa4 Kxc2 42. Ra8 Rh2+ 43. Ke1 Kc3 0-1